Delitos contra la familia : (Registro nro. 20078)

Detalles MARC
000 -LEADER
fixed length control field 01398nam a2200313 4500
001 - CONTROL NUMBER
control field 0000020782
003 - CONTROL NUMBER IDENTIFIER
control field CO-CtgCURN
005 - DATE AND TIME OF LATEST TRANSACTION
control field 20250515192507.0
007 - PHYSICAL DESCRIPTION FIXED FIELD--GENERAL INFORMATION
fixed length control field ta
008 - FIXED-LENGTH DATA ELEMENTS--GENERAL INFORMATION
fixed length control field 160627s2004 000 0 eng d
020 ## - INTERNATIONAL STANDARD BOOK NUMBER
International Standard Book Number 9586762580
040 ## - CATALOGING SOURCE
Original cataloging agency CO-CtgCURN
Language of cataloging spa
Transcribing agency coctgcurn
082 0# - DEWEY DECIMAL CLASSIFICATION NUMBER
Classification number 346.2
Item number P11dc
100 1# - MAIN ENTRY--PERSONAL NAME
Personal name Pabon Parra, Pedro Alfonso.
245 10 - TITLE STATEMENT
Title Delitos contra la familia :
Remainder of title violencia intrafamiliar, adopcion irregular, inasistencia alimentaria. Incesto. Supresion, alteracion o suposicion de estado civil /
Statement of responsibility, etc. Pedro Alfonso Pabon Parra.
250 ## - EDITION STATEMENT
Edition statement 2a ed. actualizada.
260 ## - PUBLICATION, DISTRIBUTION, ETC.
Place of publication, distribution, etc. Bogotá :
Name of publisher, distributor, etc. Ediciones Doctrina y Ley,
Date of publication, distribution, etc. 2004.
300 ## - PHYSICAL DESCRIPTION
Extent xix, 532 p.
336 ## - CONTENT TYPE
Source rdacontent
337 ## - MEDIA TYPE
Source rdamedia
Media type term sin mediacion
Media type code n
338 ## - CARRIER TYPE
Source rdacarrier
Carrier type term volumen
Carrier type code nc
504 ## - BIBLIOGRAPHY, ETC. NOTE
Bibliography, etc. note Notas bibliograficas al pie del texto.
505 8# - FORMATTED CONTENTS NOTE
Formatted contents note La familia y su protección juridica.--Violencia intrafamiliar.--Adopcion irregular.--Delitos contra la asistencia alimentaria.--El incesto.--Lecturas.--Supresion, alteracion o suposicion del estado civil
650 14 - SUBJECT ADDED ENTRY--TOPICAL TERM
Topical term or geographic name entry element Delitos contra las personas.
730 0# - ADDED ENTRY--UNIFORM TITLE
Uniform title Violencia intrafamiliar, adopcion irregular, inasistencia alimentaria. Incesto. Supresion, alteracion o suposicion de estado civil.
908 ## - PUT COMMAND PARAMETER (RLIN)
Put command parameter 160627
942 ## - ADDED ENTRY ELEMENTS (KOHA)
Koha item type Libros
Classification part 346.2
Item part P11dc
Source of classification or shelving scheme Dewey Decimal Classification
Suppress in OPAC No
Existencias
Withdrawn status Lost status Source of classification or shelving scheme Damaged status Not for loan Collection Home library Current library Shelving location Date acquired Inventory number Total checkouts Full call number Barcode Date last seen Copy number Price effective from Koha item type Public note
    Dewey Decimal Classification     General Miguel Henríquez Castañeda Miguel Henríquez Castañeda General 03/31/2025 005329   346.2 P11dc 005329 03/31/2025 ej.1 03/31/2025 Libros 340-DEREC